Багаж. Русская грамматика с упражнениями
| Glavni avtor: | |
|---|---|
| Drugi avtorji: | , |
| Izvleček: | Книга не входит в премиум-версию платформы «Русский как иностранный». The book contains basic Russian grammar explanations as well as the exercises, games and contests covering the most important sections of practical grammar. The exercises are based on the most frequently used conversational patterns. The contextual and stylistic features of the language units are considered. The book is aimed at students of level A2. Гарантированный срок размещения на платформе до 01.07.2026 (автопролонгация) |
| Izdano: |
Санкт-Петербург, Златоуст, 2019
|
| Izdaja: | Багаж. Русская грамматика с упражнениями |
| Teme: | |
| Online dostop: | Перейти к просмотру издания |
| Format: | MixedMaterials Elektronski |
MARC
| LEADER | 00000 a2200000 4500 | ||
|---|---|---|---|
| 001 | RU/ROS-EDU.RU/81271 | ||
| 856 | 4 | |u https://www.ros-edu.ru/book?id=81271 |z Перейти к просмотру издания | |
| 010 | |a 978 5 86547 323 7 | ||
| 205 | |a Багаж. Русская грамматика с упражнениями |b 2026-07-01 | ||
| 333 | |a Гарантированный срок размещения на платформе до 01.07.2026 (автопролонгация) | ||
| 100 | |a 20190101d2019 |||y0rusy0250 |s 2026-07-01 | ||
| 105 | |a y z 000zy | ||
| 101 | 0 | |a rus | |
| 102 | |a RU | ||
| 200 | 1 | |a Багаж. Русская грамматика с упражнениями |b Электронный ресурс |f А. Мустайоки, М. Алестало, Х. Виймаранта | |
| 700 | 1 | |b А. |a Мустайоки |4 070 | |
| 701 | 1 | |b М. |a Алестало |4 070 | |
| 701 | 1 | |b Х. |a Виймаранта |4 070 | |
| 330 | |a The book contains basic Russian grammar explanations as well as the exercises, games and contests covering the most important sections of practical grammar. The exercises are based on the most frequently used conversational patterns. The contextual and stylistic features of the language units are considered. The book is aimed at students of level A2. | ||
| 210 | |a Санкт-Петербург |c Златоуст |d 2019 | ||
| 610 | 1 | |a русский язык | |
| 610 | 1 | |a грамматика | |
| 610 | 1 | |a иностранный язык | |
| 610 | 1 | |a английский язык | |
| 610 | 1 | |a упражнение | |
| 675 | |a 811 | ||
| 686 | |a 81.2 |2 rubbk | ||
| 300 | |a Книга не входит в премиум-версию платформы «Русский как иностранный». | ||
| 215 | |a 274 с. | ||